[Event "8th Mayors Cup Open 2015"]
[Site "Mumbai IND"]
[Date "2015.06.04"]
[Round "4.5"]
[White "Hossain, Enamul"]
[Black "Pantsulaia, Levan"]
[Result "0-1"]
[WhiteTitle "GM"]
[BlackTitle "GM"]
[WhiteElo "2423"]
[BlackElo "2616"]
[WhiteFideId "10200649"]
[BlackFideId "13602071"]
[EventDate "2015.06.02"]

1. e4 c5 2. Nf3 e6 3. d4 cxd4 4. Nxd4 a6 5. Bd3 Nf6 6. O-O e5 7. Bg5 h6 8. Bxf6
Qxf6 9. Nf5 g6 10. Ne3 Bc5 11. Nc3 d6 12. Ncd5 Qd8 13. b4 Ba7 14. c3 Be6 15. a4
O-O 16. a5 Nd7 17. Bc4 Rc8 18. Qd3 Kg7 19. Ba2 Qg5 20. Kh1 Rfe8 21. Bb1 h5 22.
Bc2 Nf6 23. Ba4 Red8 24. Nxf6 Qxf6 25. Nd5 Qh4 26. Bb3 f5 27. exf5 Bxf5 28. Qd2
Rf8 29. Rad1 Be6 30. f3 Rf7 31. Nb6 Re8 32. Bxe6 Rxe6 33. Qa2 Ref6 34. Nd5 Rf5
35. Qe2 g5 36. Ne3 R5f6 37. Nd5 Rh6 38. Qe4 g4 39. Rd2 Rg6 40. Re2 gxf3 41. Rxf3
Qxe4 42. Rxf7+ Kxf7 43. Rxe4 Ke6 44. c4 Rg4 45. Rxg4 hxg4 46. g3 e4 47. b5 axb5
48. Nf4+ Ke5 49. cxb5 d5 50. Kg2 d4 51. Kf2 d3+ 52. b6 Bb8 53. Ke3 Bd6 54. a6
bxa6 55. b7 a5 56. h4 a4 57. h5 a3 58. h6 Kf6 59. Nd5+ Kg6 60. Nc3 Bb8 0-1

[Event "8th Mayors Cup Open 2015"]
[Site "Mumbai IND"]
[Date "2015.06.04"]
[Round "4.6"]
[White "Laxman, R.R."]
[Black "Zubov, Alexander"]
[Result "1/2-1/2"]
[WhiteTitle "GM"]
[BlackTitle "GM"]
[WhiteElo "2417"]
[BlackElo "2612"]
[WhiteFideId "5005361"]
[BlackFideId "14109409"]
[EventDate "2015.06.02"]

1. d4 Nf6 2. Nf3 e6 3. c4 d5 4. g3 dxc4 5. Bg2 a6 6. O-O Nc6 7. e3 Nd5 8. Qe2 b5
9. Rd1 Be7 10. b3 cxb3 11. axb3 Bb7 12. Bb2 O-O 13. Nbd2 Ncb4 14. Ne1 Qb8 15.
Rdc1 Nf6 16. e4 Rc8 17. d5 exd5 18. e5 Re8 19. Nf1 Bf8 20. Ne3 Ne4 21. Nxd5 Bxd5
22. Bxe4 Qb7 23. Bxd5 Qxd5 24. Rxc7 Qxb3 25. Rd1 Rac8 26. Rcd7 Nc2 27. Nd3 a5
28. Qh5 Re7 29. Rxe7 Bxe7 30. e6 fxe6 31. Qg4 Bf8 32. Nf4 Re8 33. Bf6 Qb4 34. h4
Qe4 35. Rd7 g6 36. h5 Ne1 37. hxg6 hxg6 38. Qh3 Nf3+ 39. Kf1 Qb1+ 40. Kg2 Ne1+
41. Kh2 Nf3+ 42. Kg2 Ne1+ 43. Kh2 Nf3+ 1/2-1/2

[Event "8th Mayors Cup Open 2015"]
[Site "Mumbai IND"]
[Date "2015.06.04"]
[Round "4.7"]
[White "Aleksandrov, Aleksej"]
[Black "Visakh, NR"]
[Result "1-0"]
[WhiteTitle "GM"]
[WhiteElo "2607"]
[BlackElo "2375"]
[WhiteFideId "13500139"]
[BlackFideId "25012223"]
[EventDate "2015.06.02"]

1. d4 d5 2. c4 e6 3. Nc3 Be7 4. cxd5 exd5 5. Bf4 c6 6. e3 Bd6 7. Nge2 Ne7 8. h4
Bxf4 9. Nxf4 Ng6 10. Nh5 O-O 11. Bd3 Qd7 12. b4 Qe7 13. b5 Be6 14. Ng3 Re8 15.
Kf1 cxb5 16. Bxb5 Rc8 17. Nge2 Nxh4 18. Rc1 Nd7 19. Bd3 Ng6 20. f3 Nf6 21. Kf2
a6 22. a4 Rc6 23. Qd2 Rac8 24. Rb1 R6c7 25. Rb3 Ne8 26. Nf4 Nf6 27. g4 Ne4+ 28.
fxe4 dxe4 29. Nxe6 Qxe6 30. Bc2 Qxg4 31. Bxe4 Rxc3 32. Rxc3 Rxc3 33. Bxg6 Rc6
34. Bh5 Qf5+ 35. Kg3 Rc2 36. e4 Qxe4 37. Re1 Rxd2 38. Rxe4 g6 39. Bf3 b5 40. d5
Kg7 41. axb5 axb5 42. Rb4 h5 43. Rxb5 Kf6 44. Kf4 Rd4+ 45. Ke3 Ra4 46. Rb6+ Ke5
47. d6 Ra3+ 48. Kd2 Ra2+ 49. Kc3 Ra3+ 50. Kc4 Ra4+ 51. Kc5 Ra2 52. Kc6 Rc2+ 53.
Kb7 Rd2 54. Kc7 Rd3 55. Rb5+ Kf6 56. d7 Rxd7+ 57. Kxd7 h4 1-0

[Event "8th Mayors Cup Open 2015"]
[Site "Mumbai IND"]
[Date "2015.06.04"]
[Round "4.8"]
[White "Azaladze, Shota"]
[Black "Praneeth, Surya K."]
[Result "1/2-1/2"]
[WhiteTitle "IM"]
[BlackTitle "FM"]
[WhiteElo "2499"]
[BlackElo "2305"]
[WhiteFideId "13603027"]
[BlackFideId "5091411"]
[EventDate "2015.06.02"]

1. Nf3 Nf6 2. g3 g6 3. b3 Bg7 4. Bb2 d6 5. d4 c5 6. Bg2 cxd4 7. Nxd4 d5 8. c4
dxc4 9. bxc4 O-O 10. O-O Qb6 11. Qc1 Nc6 12. Nxc6 bxc6 13. Nd2 Be6 14. Nb3 Rab8
15. Be5 Rbd8 16. Qc3 Ne8 17. Bxg7 Nxg7 18. Na5 Rc8 19. Rab1 Qa6 20. e4 Ne8 21.
e5 Ng7 22. Rfd1 Rc7 23. Rd2 Bc8 24. c5 Bf5 25. Rbd1 Qc8 26. Qb4 Bd7 27. h4 h5
28. Rb2 Bh3 29. Bh1 Kh7 30. Qc4 f6 31. exf6 Rxf6 32. Rbd2 Be6 33. Qc3 Rf8 34.
Re1 Bf7 35. Qe5 Bd5 36. Bxd5 cxd5 37. c6 Rf5 38. Qc3 Qa6 39. Qb4 d4 40. Nb3 e5
41. Na5 e4 42. Nb3 e3 43. fxe3 dxe3 44. Rde2 Qxc6 1/2-1/2

[Event "8th Mayors Cup Open 2015"]
[Site "Mumbai IND"]
[Date "2015.06.04"]
[Round "4.9"]
[White "Deepan, Chakkravarthy J."]
[Black "Raghunandan, Kaumandur Srihari"]
[Result "1/2-1/2"]
[WhiteTitle "GM"]
[BlackTitle "FM"]
[WhiteElo "2497"]
[BlackElo "2293"]
[WhiteFideId "5011132"]
[BlackFideId "25004964"]
[EventDate "2015.06.02"]

1. g3 d5 2. Bg2 Nf6 3. c4 c6 4. d4 Bf5 5. Nf3 e6 6. Nc3 h6 7. Qb3 Qb6 8. c5 Qc7
9. Bf4 Qc8 10. Nd2 Nbd7 11. e4 dxe4 12. Nc4 b5 13. Nd6+ Bxd6 14. Bxd6 a5 15. O-O
b4 16. Na4 Nd5 17. f3 e3 18. g4 Bg6 19. f4 N7f6 20. Rae1 Be4 21. Rf3 Nxg4 22.
Rg3 Bxg2 23. Rxg4 Be4 24. Rxe3 Bc2 25. Qxc2 Nxe3 26. Qe2 Nxg4 27. Nb6 Qd8 28.
Qxg4 Rg8 29. d5 Ra7 30. dxc6 Qf6 31. Qe2 Qd4+ 32. Kf1 Kd8 33. Qa6 Qd1+ 34. Kg2
Qd2+ 35. Kf1 Qd1+ 36. Kf2 Qd2+ 37. Kf1 1/2-1/2

[Event "8th Mayors Cup Open 2015"]
[Site "Mumbai IND"]
[Date "2015.06.04"]
[Round "4.10"]
[White "Priyadharshan, K."]
[Black "Rohan, Ahuja"]
[Result "1-0"]
[WhiteTitle "IM"]
[WhiteElo "2462"]
[BlackElo "2218"]
[WhiteFideId "5018293"]
[BlackFideId "5090598"]
[EventDate "2015.06.02"]

1. e4 e5 2. Nf3 Nc6 3. Nc3 Nf6 4. Be2 d5 5. exd5 Nxd5 6. O-O Nxc3 7. bxc3 Bd6 8.
d4 exd4 9. cxd4 O-O 10. c4 Bf5 11. Be3 Nb4 12. Bg5 Be7 13. Bxe7 Qxe7 14. a3 Rfe8
15. axb4 Qxe2 16. Qc1 Qe7 17. Qc3 a6 18. Rfe1 Qd6 19. Rxe8+ Rxe8 20. Re1 Rxe1+
21. Qxe1 Kf8 22. h3 c6 23. Qc3 f6 24. Nd2 b5 25. Nf1 Be6 26. c5 Qd7 27. Qa1 Qc8
28. Qa3 Kf7 29. Ne3 g6 30. Qa5 h5 31. Qb6 Qd7 32. Qxa6 Qxd4 33. Qxc6 Qxb4 34.
Qc7+ Ke8 35. Qd6 Kf7 36. Kh2 g5 37. Nd5 Bxd5 38. Qxd5+ Kg6 39. g3 Qb2 40. Qd3+
Kh6 41. Kg2 b4 42. c6 Qc1 43. Qd6 b3 44. Qxf6+ Kh7 45. Qe7+ Kh6 46. Qe6+ Kg7 47.
Qd7+ Kh6 48. h4 gxh4 49. c7 b2 50. Qe6+ Kg7 51. Qd7+ Kh6 52. c8=Q Qxc8 53. Qxc8
b1=Q 54. Qe6+ Kg7 55. Qe7+ Kg6 56. Qxh4 Qb7+ 57. Kh2 Qf3 58. Qd4 Kf5 59. Kg1 Kg6
60. Qd6+ Kg5 61. Qe7+ Kg6 62. Qe6+ Kg7 63. Kf1 Kh7 64. Qe3 Qd5 65. Ke2 Kg7 66.
Qc3+ Kg8 67. Qf6 Qe4+ 68. Kd2 Kh7 69. Qh4 Qf3 70. Qd4 Kg8 71. Qc4+ Kf8 72. Qc5+
Kf7 73. Qe3 Qd5+ 74. Qd3 Qc5 75. Ke2 Qe5+ 76. Qe3 Qb5+ 77. Kf3 Qc6+ 78. Qe4 Qc3+
79. Kg2 Qc5 80. Qe3 Qb5 81. Qf4+ Kg6 82. Qd4 Qc6+ 83. f3 Qc2+ 84. Qf2 Qb3 85.
Qe2 Qc3 86. Qe4+ Kh6 87. Qe6+ Kg7 88. Qf5 Kh6 89. Kh3 Qc4 90. Qf6+ Kh7 91. Qe7+
Kh6 92. Qe3+ Kg7 93. Qe4 Qa2 94. Qe5+ Kh6 95. Qd6+ Kg7 96. Kh4 Qf7 97. Qe5+ Kg8
98. Qxh5 Qa2 99. Qe5 Qh2+ 100. Kg4 Qa2 101. f4 Qd2 102. Qe8+ Kg7 103. Kg5 Qh2
104. Qg6+ 1-0

[Event "8th Mayors Cup Open 2015"]
[Site "Mumbai IND"]
[Date "2015.06.04"]
[Round "4.11"]
[White "Karthikeyan, P."]
[Black "Siva, Mahadevan"]
[Result "1-0"]
[WhiteTitle "IM"]
[WhiteElo "2440"]
[BlackElo "2125"]
[WhiteFideId "5018226"]
[BlackFideId "25043153"]
[EventDate "2015.06.02"]

1. d4 Nf6 2. c4 g6 3. Nf3 Bg7 4. e3 O-O 5. Be2 c6 6. Nc3 d5 7. O-O a6 8. a4 a5
9. b3 Na6 10. cxd5 cxd5 11. Ba3 Bf5 12. Rc1 Rc8 13. Ne5 Nb4 14. Bxb4 axb4 15.
Na2 Qd6 16. g4 Rxc1 17. Nxc1 Be6 18. f3 Rc8 19. Na2 h5 20. g5 Nd7 21. Nd3 Bh3
22. Rf2 e5 23. dxe5 Nxe5 24. Ndxb4 d4 25. Bf1 Be6 26. e4 Qd8 27. Bg2 Qxg5 28. f4
Qg4 29. Qb1 h4 30. h3 Qg3 31. fxe5 Bh6 32. Rf3 Be3+ 33. Kh1 Qxe5 34. Nd5 Bxd5
35. exd5 f5 36. Rf1 Qg3 37. Qd3 Kg7 38. b4 Rd8 39. Nc1 Rxd5 40. Ne2 Qd6 41. Rd1
Kh7 42. a5 Re5 43. b5 f4 44. Ng1 Bxg1 45. Rxg1 Re3 46. Qc4 Qd7 47. Rc1 Rxh3+ 48.
Kg1 Rc3 49. Rxc3 dxc3 50. Qxc3 Qxb5 51. Qc7+ Kg8 52. Qc8+ Kf7 53. Qxb7+ 1-0

[Event "8th Mayors Cup Open 2015"]
[Site "Mumbai IND"]
[Date "2015.06.04"]
[Round "4.12"]
[White "Nitin, S."]
[Black "Swayams, Mishra"]
[Result "1-0"]
[WhiteTitle "IM"]
[BlackTitle "IM"]
[WhiteElo "2357"]
[BlackElo "2439"]
[WhiteFideId "5018277"]
[BlackFideId "5028183"]
[EventDate "2015.06.02"]

1. Nf3 Nf6 2. g3 c5 3. Bg2 Nc6 4. O-O d5 5. d3 e5 6. e4 d4 7. Nbd2 Be7 8. Nc4
Qc7 9. a4 Be6 10. b3 Nd7 11. Ng5 Bxg5 12. Bxg5 h5 13. Bd2 h4 14. f4 hxg3 15.
hxg3 exf4 16. gxf4 f6 17. a5 a6 18. e5 fxe5 19. fxe5 O-O-O 20. Bf4 Kb8 21. Qe2
Ka7 22. Nd6 Rdf8 23. Bg3 Rxf1+ 24. Rxf1 Rf8 25. Rxf8 Nxf8 26. Qh5 Qd7 27. Ne4
Bf7 28. Qh8 Ne6 29. Nd6 Nxa5 30. Bd5 Nc6 31. Qh3 Bg8 32. Qg4 Ncd8 33. Bc4 g5 34.
Ne4 Qg7 35. Nf6 Bf7 36. Bd5 Qg6 37. b4 cxb4 38. Bf2 Kb8 39. Bxd4 1-0

[Event "8th Mayors Cup Open 2015"]
[Site "Mumbai IND"]
[Date "2015.06.04"]
[Round "4.13"]
[White "Akash Pc, Iyer"]
[Black "Paichadze, Luka"]
[Result "0-1"]
[BlackTitle "GM"]
[WhiteElo "2255"]
[BlackElo "2558"]
[WhiteFideId "5006775"]
[BlackFideId "13602934"]
[EventDate "2015.06.02"]

1. b3 Nf6 2. Bb2 e6 3. f4 b6 4. Nf3 Bb7 5. e3 Be7 6. Be2 O-O 7. O-O c5 8. Qe1
Nc6 9. a3 d5 10. Bb5 Rc8 11. Bxc6 Bxc6 12. d3 d4 13. Ne5 Nd5 14. Nxc6 Rxc6 15.
e4 Ne3 16. Rf2 f5 17. e5 g5 18. Qe2 gxf4 19. Rxf4 Bg5 20. Rf3 Rc7 21. Nd2 Nxc2
22. Rc1 Ne3 23. Rg3 Rg7 24. Kh1 Rff7 25. Rg1 Ng4 26. Nf3 Bh4 27. Bc1 Bxg3 28.
hxg3 Ne3 29. Kh2 Rg4 30. Bxe3 dxe3 31. Qxe3 Rfg7 32. d4 cxd4 33. Rd1 dxe3 34.
Rxd8+ Kf7 35. Rd7+ Kf8 0-1

[Event "8th Mayors Cup Open 2015"]
[Site "Mumbai IND"]
[Date "2015.06.04"]
[Round "4.14"]
[White "Deshpande, Aniruddha"]
[Black "Semcesen, Daniel"]
[Result "1/2-1/2"]
[BlackTitle "GM"]
[WhiteElo "2252"]
[BlackElo "2471"]
[WhiteFideId "5021774"]
[BlackFideId "1706993"]
[EventDate "2015.06.02"]

1. e4 d6 2. d4 Nf6 3. Nd2 g6 4. b3 Bg7 5. Bb2 O-O 6. Ngf3 c5 7. dxc5 dxc5 8. Bc4
Nc6 9. O-O Qc7 10. Re1 e5 11. Bd5 Nd4 12. c3 Nxd5 13. exd5 Nxf3+ 14. Qxf3 Bd7
15. Qg3 Rfe8 16. c4 Rac8 17. Qh4 h6 18. Ne4 g5 19. Qh5 f5 20. Ng3 Qd6 21. h4 Qf6
22. hxg5 Qxg5 23. Bc1 Qf6 24. Bb2 Qg5 25. Bc1 Qf6 26. Bb2 1/2-1/2

[Event "8th Mayors Cup Open 2015"]
[Site "Mumbai IND"]
[Date "2015.06.04"]
[Round "4.15"]
[White "Praveen, Kumar C"]
[Black "Swapnil, S. Dhopade"]
[Result "1-0"]
[WhiteTitle "IM"]
[BlackTitle "IM"]
[WhiteElo "2235"]
[BlackElo "2453"]
[WhiteFideId "5007372"]
[BlackFideId "5019184"]
[EventDate "2015.06.02"]

1. d4 Nf6 2. c4 c5 3. d5 b5 4. cxb5 a6 5. b6 d6 6. Nc3 Nbd7 7. a4 Qxb6 8. a5 Qa7
9. Nf3 g6 10. e4 Bg7 11. Be2 O-O 12. O-O Rb8 13. Qc2 Ne8 14. Bg5 Ne5 15. Nxe5
Bxe5 16. Bh6 Ng7 17. Kh1 Bd7 18. Ra2 Rb4 19. Bd3 Rfb8 20. Qe2 c4 21. Bc2 Rxb2
22. Rxb2 Rxb2 23. Nd1 Ra2 24. Be3 Qb7 25. f4 c3 26. Qf3 Bf6 27. Rf2 Qc8 28. h3
Ba4 29. Bxa4 Rxa4 30. Rc2 Rc4 31. Bb6 e6 32. Ne3 Ra4 33. Ng4 Ne8 34. e5 Bg7 35.
Qxc3 Qd7 36. Qc6 Ra1+ 37. Kh2 Qe7 38. Qa8 f5 39. exf6 Bxf6 40. Qxe8+ 1-0

[Event "8th Mayors Cup Open 2015"]
[Site "Mumbai IND"]
[Date "2015.06.04"]
[Round "4.16"]
[White "Mohammad, Nubairshah Shaikh"]
[Black "Ram, S. Krishnan"]
[Result "1-0"]
[WhiteElo "2428"]
[BlackElo "2253"]
[WhiteFideId "5053196"]
[BlackFideId "5010519"]
[EventDate "2015.06.02"]

1. d4 Nf6 2. c4 e6 3. Nc3 Bb4 4. Qc2 O-O 5. e4 c5 6. e5 cxd4 7. a3 dxc3 8. axb4
Ng4 9. Qxc3 f6 10. exf6 Nxf6 11. Nf3 Nc6 12. b5 Ne7 13. Be2 b6 14. O-O Bb7 15.
Rd1 Ng6 16. Qd4 d5 17. Ne5 Ne7 18. Bd3 dxc4 19. Bxc4 Ned5 20. Bg5 Qe8 21. Re1 h6
22. Bh4 Nh5 23. Nc6 Bxc6 24. bxc6 Rf4 25. Re4 Qxc6 26. Bxd5 Qxd5 27. Rxf4 Nxf4
28. Qxf4 g5 29. Qg4 Qf5 30. Qg3 Rd8 31. h3 a5 32. Qc7 Rd2 33. Bg3 Rxb2 34. Rd1
Rb1 35. Rxb1 Qxb1+ 36. Kh2 a4 37. Be5 Kf8 38. Qd8+ Kf7 39. Qd7+ Kf8 40. Bd6+ Kg8
41. Qe8+ Kg7 42. Be5+ 1-0

[Event "8th Mayors Cup Open 2015"]
[Site "Mumbai IND"]
[Date "2015.06.04"]
[Round "4.18"]
[White "Lakshmi Narayanan M V"]
[Black "Dimakiling, Oliver"]
[Result "0-1"]
[BlackTitle "IM"]
[WhiteElo "2193"]
[BlackElo "2409"]
[WhiteFideId "5040647"]
[BlackFideId "5202248"]
[EventDate "2015.06.02"]

1. d4 Nf6 2. c4 e6 3. Nc3 Bb4 4. Qc2 O-O 5. Nf3 d5 6. cxd5 Qxd5 7. e3 c5 8. a3
cxd4 9. axb4 dxc3 10. bxc3 Nc6 11. Be2 b6 12. b5 Na5 13. c4 Qe4 14. Bd3 Qg4 15.
Bb2 Bb7 16. h3 Qh5 17. Ne5 Qg5 18. Nf3 Qh6 19. c5 Rac8 20. c6 a6 21. cxb7 Rxc2
22. Bxc2 axb5 23. O-O Nxb7 24. Bd4 Nd5 25. Rfb1 Nd6 26. Ne5 Rc8 27. Bd3 Qg5 28.
Bxb5 h5 29. Bc6 Nf5 30. Nf3 Qd8 31. Bxd5 Nxd4 32. Nxd4 Qxd5 33. Rxb6 g6 34. Rab1
e5 35. Nf3 Rc2 36. R6b2 Rxb2 37. Rxb2 f6 38. Rd2 Qa5 39. Rd1 g5 40. Nh2 Kf7 41.
Rd7+ Kg6 42. Nf1 h4 43. Rd6 e4 44. Rd4 f5 45. Rd6+ Kf7 46. Rd4 Ke6 47. Nd2 Qa1+
48. Nf1 Qe1 49. Ra4 Ke5 50. Ra8 Qb4 51. Re8+ Kf6 52. Rd8 Qa4 53. Rf8+ Kg6 54.
Rg8+ Kh6 55. Rh8+ Kg7 56. Rd8 f4 57. Rd4 Qc2 58. Rd8 Qc6 59. Rd4 Qc2 60. Rd2 0-1

[Event "8th Mayors Cup Open 2015"]
[Site "Mumbai IND"]
[Date "2015.06.04"]
[Round "4.19"]
[White "Ravi, Teja S."]
[Black "Kumar, Gaurav"]
[Result "1-0"]
[WhiteTitle "IM"]
[WhiteElo "2403"]
[BlackElo "2197"]
[WhiteFideId "5017220"]
[BlackFideId "5085578"]
[EventDate "2015.06.02"]

1. d4 d5 2. c4 c6 3. Nf3 Nf6 4. e3 Bf5 5. Nc3 e6 6. Qb3 Qb6 7. Be2 Nbd7 8. Qxb6
axb6 9. Nh4 Bg6 10. Nxg6 hxg6 11. O-O Bd6 12. g3 O-O 13. Bd2 dxc4 14. a4 e5 15.
Bxc4 exd4 16. exd4 Nb8 17. d5 Nbd7 18. Rfd1 Bc5 19. Bf4 Rfe8 20. dxc6 bxc6 21.
Bd6 Ne4 22. Nxe4 Rxe4 23. b3 Bxd6 24. Rxd6 Ne5 25. Bf1 Rb4 26. f4 Nf3+ 27. Kg2
Nd4 28. Rb1 c5 29. Bc4 Nf5 30. Rd3 Re8 31. Kf2 Nd4 32. Re1 Kf8 33. Rxe8+ Kxe8
34. Rxd4 cxd4 35. Ke2 Ke7 36. Kd3 Kd6 37. Kxd4 f6 38. Kc3 Kc5 39. g4 1-0

[Event "8th Mayors Cup Open 2015"]
[Site "Mumbai IND"]
[Date "2015.06.04"]
[Round "4.20"]
[White "Patil, Pratik"]
[Black "Vignesh, NR"]
[Result "0-1"]
[WhiteElo "2164"]
[BlackElo "2399"]
[WhiteFideId "5038758"]
[BlackFideId "25012215"]
[EventDate "2015.06.02"]

1. e4 e5 2. Nf3 Nc6 3. Bb5 a6 4. Ba4 Nf6 5. d3 d6 6. c3 Bd7 7. O-O g6 8. Re1 b5
9. Bc2 Bg7 10. Nbd2 O-O 11. Nf1 Nh5 12. Bg5 Qe8 13. d4 Bg4 14. dxe5 Nxe5 15.
N1d2 c5 16. h3 Be6 17. Qe2 Qc6 18. a4 Rfb8 19. Nxe5 dxe5 20. axb5 axb5 21. Qf3
h6 22. Be3 Nf6 23. Qe2 c4 24. Qf1 Nd7 25. Rxa8 Rxa8 26. Ra1 Bf8 27. b3 cxb3 28.
Rxa8 bxc2 29. Ra1 Qxc3 30. Nf3 b4 31. Bd2 Qc6 32. Qd3 b3 33. Bc1 Nc5 34. Qc3
Qxe4 35. Ra5 Nd3 0-1

[Event "8th Mayors Cup Open 2015"]
[Site "Mumbai IND"]
[Date "2015.06.05"]
[Round "5.1"]
[White "Kokarev, Dmitry"]
[Black "Smirnov, Pavel"]
[Result "1/2-1/2"]
[WhiteTitle "GM"]
[BlackTitle "GM"]
[WhiteElo "2639"]
[BlackElo "2588"]
[WhiteFideId "4132181"]
[BlackFideId "4123425"]
[EventDate "2015.06.02"]

1. e4 e6 2. d4 d5 3. Nd2 c5 4. exd5 exd5 5. Ngf3 Nf6 6. Bb5+ Bd7 7. Bxd7+ Nbxd7
8. O-O Be7 9. dxc5 Nxc5 10. Nb3 Nce4 11. c3 O-O 12. Be3 Re8 13. h3 Qc7 14. Re1
a6 15. Bd4 Bd6 1/2-1/2

[Event "8th Mayors Cup Open 2015"]
[Site "Mumbai IND"]
[Date "2015.06.05"]
[Round "5.2"]
[White "Pantsulaia, Levan"]
[Black "Nguyen, Duc Hoa"]
[Result "0-1"]
[WhiteTitle "GM"]
[BlackTitle "GM"]
[WhiteElo "2616"]
[BlackElo "2487"]
[WhiteFideId "13602071"]
[BlackFideId "12401358"]
[EventDate "2015.06.02"]

1. Nf3 d5 2. g3 g6 3. c4 c6 4. Qa4 e6 5. d4 Nd7 6. Qc2 Bg7 7. Bf4 Ne7 8. Nbd2
O-O 9. e4 c5 10. cxd5 exd5 11. O-O-O cxd4 12. Bc7 Qe8 13. Nb3 Nf6 14. Nfxd4 Bd7
15. Bg2 dxe4 16. Rhe1 Bg4 17. f3 exf3 18. Bxf3 Bxf3 19. Nxf3 Rc8 20. Rd3 Nfd5
21. Rxd5 Nxd5 22. Rxe8 Rfxe8 23. Kb1 Rxc7 24. Qd3 Rd8 25. Qe4 Nb4 26. Nfd2 Nd3
27. Nc4 b5 28. Nca5 Nf2 0-1

[Event "8th Mayors Cup Open 2015"]
[Site "Mumbai IND"]
[Date "2015.06.05"]
[Round "5.3"]
[White "Rahman, Ziaur"]
[Black "Aleksandrov, Aleksej"]
[Result "1-0"]
[WhiteTitle "GM"]
[BlackTitle "GM"]
[WhiteElo "2500"]
[BlackElo "2607"]
[WhiteFideId "10200037"]
[BlackFideId "13500139"]
[EventDate "2015.06.02"]

1. Nf3 Nf6 2. g3 b5 3. Bg2 Bb7 4. Na3 b4 5. Nc4 e6 6. d3 a5 7. O-O Be7 8. e4 O-O
9. Re1 Nc6 10. Ne3 d6 11. c4 Re8 12. h3 Bf8 13. Ng4 e5 14. Nxf6+ Qxf6 15. Be3 a4
16. a3 b3 17. Rc1 h6 18. Bd2 g6 19. Bc3 h5 20. Qd2 Qh8 21. Rcd1 Bh6 22. Qe2 Re7
23. h4 Rae8 24. Qf1 Bc8 25. Nh2 Bg7 26. Bh3 Bxh3 27. Qxh3 Nd8 28. Nf1 Ne6 29.
Ne3 c6 30. Kh1 Qh7 31. Rf1 Kh8 32. Rc1 Nc5 33. Rcd1 Ne6 34. Rc1 Nc5 35. Rcd1 Rf8
36. Bb4 Kg8 37. Qg2 Rd8 38. f4 Bh6 39. Qf3 exf4 40. gxf4 Ne6 41. Qg3 Nd4 42. e5
c5 43. Nd5 Re6 44. f5 Nxf5 45. Rxf5 cxb4 46. Nf6+ Rxf6 47. exf6 bxa3 48. bxa3 b2
49. Rb5 Qh8 50. Qf3 Bc1 51. Rg1 Qh6 52. Rxh5 Qe3 1-0

[Event "8th Mayors Cup Open 2015"]
[Site "Mumbai IND"]
[Date "2015.06.05"]
[Round "5.4"]
[White "Priyadharshan, K."]
[Black "Mchedlishvili, Mikheil"]
[Result "1/2-1/2"]
[WhiteTitle "IM"]
[BlackTitle "GM"]
[WhiteElo "2462"]
[BlackElo "2597"]
[WhiteFideId "5018293"]
[BlackFideId "13600966"]
[EventDate "2015.06.02"]

1. e4 c5 2. Nf3 e6 3. c3 Nf6 4. e5 Nd5 5. Bc4 d6 6. d4 cxd4 7. cxd4 Be7 8. O-O
O-O 9. Bd2 Nc6 10. Nc3 Nxc3 11. Bxc3 dxe5 12. dxe5 a6 13. Qe2 b5 14. Bd3 Bb7 15.
Be4 Qb6 16. Bd2 Rac8 17. Rac1 Ba8 18. Rc3 Nd4 19. Nxd4 Qxd4 20. Bxa8 1/2-1/2

[Event "8th Mayors Cup Open 2015"]
[Site "Mumbai IND"]
[Date "2015.06.05"]
[Round "5.5"]
[White "Kravtsiv, Martyn"]
[Black "Karthikeyan, P."]
[Result "1-0"]
[WhiteTitle "GM"]
[BlackTitle "IM"]
[WhiteElo "2589"]
[BlackElo "2440"]
[WhiteFideId "14113147"]
[BlackFideId "5018226"]
[EventDate "2015.06.02"]

1. e4 c5 2. Nf3 Nc6 3. d4 cxd4 4. Nxd4 g6 5. c4 Bg7 6. Be3 Nf6 7. Nc3 O-O 8. Be2
d6 9. O-O Nxd4 10. Bxd4 Bd7 11. f3 Bc6 12. Qd2 a5 13. b3 Nd7 14. Be3 Nc5 15.
Rab1 Qb6 16. Kh1 Rfc8 17. Rfc1 h5 18. Bf1 Kh7 19. Rc2 Qd8 20. Rbc1 Be5 21. Qf2
e6 22. Rd1 Qe7 23. Nb5 b6 24. Nd4 Bb7 25. Rcd2 Rd8 26. Ne2 g5 27. Nc1 f5 28.
exf5 exf5 29. Nd3 Bc3 30. Rc2 Bf6 31. Bd4 Qg7 32. Bxf6 Qxf6 33. Rcd2 h4 34. h3
Bc6 35. Nc1 Kg7 36. Ne2 Ra7 37. a3 Nxb3 38. Qxb6 Nxd2 39. Qxa7+ Rd7 40. Qb6 Nxf1
41. Rxf1 d5 42. Nd4 Bb7 43. Qc5 dxc4 44. Nxf5+ Kg6 45. Ne3 c3 46. Ng4 Qa6 47.
Re1 1-0

[Event "8th Mayors Cup Open 2015"]
[Site "Mumbai IND"]
[Date "2015.06.05"]
[Round "5.6"]
[White "Sivuk, Vitaly"]
[Black "Nitin, S."]
[Result "1/2-1/2"]
[WhiteTitle "GM"]
[BlackTitle "IM"]
[WhiteElo "2491"]
[BlackElo "2357"]
[WhiteFideId "14116502"]
[BlackFideId "5018277"]
[EventDate "2015.06.02"]

1. d4 Nf6 2. c4 g6 3. Nc3 Bg7 4. e4 d6 5. Nf3 O-O 6. Be2 e5 7. d5 a5 8. Bg5 h6
9. Be3 Ng4 10. Bd2 Na6 11. g3 Nc5 12. Nh4 Nf6 13. Qc2 c6 14. O-O Nh7 15. Be3 Ng5
16. Rad1 cxd5 17. cxd5 b6 18. f3 Bh3 19. Rfe1 Bd7 20. Bb5 Bxb5 21. Nxb5 Qd7 22.
a4 Rac8 23. Nc3 Kh7 24. Rf1 Bf6 25. Kh1 Nh3 26. Ng2 h5 27. Rb1 Kg7 28. b4 axb4
29. Rxb4 h4 30. gxh4 Rh8 31. Rxb6 Nf4 32. Bxf4 exf4 33. Nb5 Be5 34. a5 Qh3 35.
Qd1 Nxe4 36. Kg1 Ng3 37. Rf2 Nf5 38. Rb7 Rc4 39. Qf1 Ra4 40. a6 Rxa6 41. Nc7 Ra1
42. Qxa1 Bxa1 43. Ne6+ Kf6 44. Nexf4 Qxg2+ 45. Kxg2 Rxh4 46. Ne2 Ne3+ 47. Kh1
Nxd5 48. Ng3 Be5 49. Ne4+ Kg7 50. Ng5 Rc4 51. Rf1 Nc7 52. Kg2 d5 53. Rf2 Bf4 54.
Nh3 Be3 55. Ra2 Ne6 56. Rd7 Rd4 57. Re2 Rd3 58. Kg3 Nd4 59. Rb2 Nf5+ 60. Kg2
Nh4+ 61. Kg3 Nf5+ 62. Kg2 Nh4+ 63. Kg3 Nf5+ 1/2-1/2

[Event "8th Mayors Cup Open 2015"]
[Site "Mumbai IND"]
[Date "2015.06.05"]
[Round "5.7"]
[White "Zubov, Alexander"]
[Black "Ravi, Teja S."]
[Result "1-0"]
[WhiteTitle "GM"]
[BlackTitle "IM"]
[WhiteElo "2612"]
[BlackElo "2403"]
[WhiteFideId "14109409"]
[BlackFideId "5017220"]
[EventDate "2015.06.02"]

1. d4 d5 2. c4 c6 3. Nf3 Nf6 4. e3 Bf5 5. Nbd2 e6 6. Nh4 Be4 7. Be2 Nbd7 8. O-O
Bd6 9. Nhf3 Bg6 10. b3 O-O 11. Bb2 Qb8 12. g3 h6 13. Nh4 Bh7 14. Ndf3 b5 15. c5
Bc7 16. a4 a6 17. b4 Ne4 18. Bd3 bxa4 19. Qxa4 g5 20. Qxc6 gxh4 21. Nxh4 Ndf6
22. b5 Nd2 23. Bxh7+ Kxh7 24. Rfd1 Nc4 25. Bc3 Rg8 26. Be1 Ne4 27. Ng2 a5 28. b6
Bd8 29. Rdc1 Ng5 30. Rxc4 dxc4 31. h4 Qc8 32. Qxc8 Nf3+ 33. Kf1 Rxc8 34. Bxa5
Ra8 35. Ke2 c3 36. Kxf3 c2 37. Rc1 Rxa5 38. Rxc2 e5 39. dxe5 Bxb6 40. cxb6 Rxe5
41. Nf4 Rb8 42. Rc7 Kg7 43. b7 Kf8 44. Nd3 Re7 45. Rc8+ Re8 46. Rc6 Re6 47. Rc8+
Re8 48. Rc6 Re6 49. Rxe6 fxe6 50. Nc5 Ke7 51. Ke4 Kd6 52. Kd4 e5+ 53. Kc4 Kc6
54. f4 exf4 55. gxf4 Rg8 56. f5 Rg4+ 57. e4 Kc7 58. f6 1-0